[Event "EU-ch Blitz"]
[Site "Katowice"]
[Date "2022.12.16"]
[Round "12"]
[White "Malik, Maciej"]
[Black "Raczek, Krzysztof"]
[Result "0-1"]
[WhiteElo "1954"]
[BlackElo "2161"]
[PlyCount "53"]
[EventDate "2022.12.16"]
[EventType "swiss (blitz)"]
[EventRounds "22"]
[EventCountry "POL"]
[SourceTitle "CBM 211 Extra"]
[Source "ChessBase"]
[SourceDate "2023.01.31"]
[SourceVersion "1"]
[SourceVersionDate "2023.01.31"]
[SourceQuality "1"]

1. e4 c6 2. Nf3 d5 3. Nc3 Bg4 4. d4 e6 5. h3 Bxf3 6. Qxf3 Nf6 7. e5 Nfd7 8. Qg3 c5 9. Be3 Nc6 10. Ne2 Nb4 11. Rc1 Nxa2 12. Rd1 Nb4 13. Rd2 Qa5 14. f4 Nxc2+ 15. Kf2 Nxe3 16. Qxe3 Be7 17. g4 h5 18. Bg2 hxg4 19. hxg4 Rxh1 20. Bxh1 Nb6 21. b3 c4 22. Rc2 Qb4 23. bxc4 Nxc4 24. Qd3 Bh4+ 25. Kf1 Qe1+ 26. Kg2 Qf2+ 27. Kh3 0-1